[Event "Summer Prague Open 2021 - B"]
[Site "Olympik hotel, Sokolovska 138,"]
[Date "2021.08.08"]
[Round "4.1"]
[White "Svetly, Jiri"]
[Black "Guggenheim, Hans"]
[Result "1-0"]
[WhiteElo "1852"]
[BlackElo "1866"]
[Annotator "Stanice"]
[PlyCount "69"]
[EventDate "2021.08.06"]

1. d4 d5 2. c4 c6 3. Nc3 Nf6 4. Nf3 a6 5. c5 b5 6. cxb6 Qxb6 7. Na4 Qc7 8. g3
Ne4 9. Bg2 Bf5 10. O-O Nd7 11. Bf4 Qb7 12. Nh4 Be6 13. f3 Nd6 14. e4 h6 15.
exd5 Bxd5 16. Bxd6 exd6 17. Re1+ Kd8 18. Nc3 g6 19. Nxd5 cxd5 20. Qe2 Nf6 21.
Rac1 Bg7 $11 22. Qd2 Qb6 23. Bh3 Re8 24. Kh1 Rxe1+ 25. Rxe1 Ra7 26. Ng2 Rb7 27.
b3 Qb4 28. Qe3 Rc7 29. Nf4 Ra7 30. Nxd5 Nxd5 31. Qe8+ Kc7 32. Rc1+ Kb6 33. Qc6+
Ka5 34. Qxd5+ Qb5 35. b4+ 1-0

[Event "Summer Prague Open 2021 - B"]
[Site "Olympik hotel, Sokolovska 138,"]
[Date "2021.08.08"]
[Round "4.2"]
[White "Korenek, Frantisek"]
[Black "Hrebicek, Petr"]
[Result "1-0"]
[WhiteElo "1896"]
[BlackElo "1806"]
[PlyCount "85"]
[EventDate "2021.08.06"]

1. e4 e6 2. d4 d5 3. Nc3 Bb4 4. e5 c5 5. a3 Bxc3+ 6. bxc3 Ne7 7. Bd3 Qa5 8. Bd2
c4 9. Be2 O-O 10. f4 f6 11. Nf3 Bd7 12. exf6 Rxf6 13. O-O Ba4 14. Ne5 Qc7 15.
Be1 Nf5 16. Qd2 Nc6 17. Bf3 b5 18. g4 Nfe7 19. Bh4 Rff8 20. Nxc6 Nxc6 21. f5
Qd7 22. Qg2 Rad8 23. Bxd8 Rxd8 24. fxe6 Qxe6 25. Rae1 Qd6 26. Re2 Ne7 27. Rfe1
Rd7 28. Qf2 h6 29. Qe3 Kf8 30. Rf2 Ke8 31. Qe6 Qxe6 32. Rxe6 Kd8 33. Re5 Kc7
34. Bg2 a5 35. h4 b4 36. cxb4 axb4 37. axb4 Nc6 38. Rxd5 Nxd4 39. Rxd7+ Bxd7
40. Rd2 Nc6 41. Rxd7+ Kxd7 42. Bxc6+ Kxc6 43. c3 1-0

[Event "Summer Prague Open 2021 - B"]
[Site "Olympik hotel, Sokolovska 138,"]
[Date "2021.08.08"]
[Round "4.3"]
[White "Palka, Miroslav"]
[Black "Al-Dhabbi, Fares"]
[Result "1/2-1/2"]
[WhiteElo "1846"]
[BlackElo "1918"]
[PlyCount "77"]
[EventDate "2021.08.06"]

1. c4 e5 2. Nc3 Nf6 3. e4 Bc5 4. g3 d6 5. h3 Nc6 6. Bg2 Be6 7. d3 h6 8. Nd5 Nd4
9. Ne2 c6 10. Nxf6+ Qxf6 11. Nxd4 Bxd4 12. O-O Qe7 13. Qe2 O-O-O 14. Be3 Bxe3
15. Qxe3 Kb8 16. Rfc1 Qd7 17. Kh2 Rdf8 18. d4 Qc7 19. d5 Bc8 20. dxc6 Qxc6 21.
c5 f6 22. b4 dxc5 23. Rxc5 Qb6 24. a3 Bd7 25. Rd1 Be6 26. Rc3 Qxe3 27. Rxe3 Rd8
28. Red3 Rxd3 29. Rxd3 g5 30. g4 Kc7 31. Kg3 Re8 32. Bf1 Re7 33. Kf3 Rd7 34.
Rxd7+ Bxd7 35. Ke3 Kb6 36. Bc4 Bb5 37. Kd3 Ba4 38. Kd2 a5 39. Kc3 1/2-1/2

[Event "Summer Prague Open 2021 - B"]
[Site "Olympik hotel, Sokolovska 138,"]
[Date "2021.08.08"]
[Round "4.4"]
[White "Krejcar, Walter"]
[Black "Dreher, David"]
[Result "0-1"]
[WhiteElo "1754"]
[BlackElo "1888"]
[PlyCount "120"]
[EventDate "2021.08.06"]

1. d4 f5 2. Nf3 Nf6 3. Bg5 e6 4. Nbd2 d5 5. e3 Bd6 6. Ne5 O-O 7. f4 Bd7 8. Bd3
Be8 9. Qf3 Be7 10. Qh3 Nbd7 11. O-O c5 12. c3 Rc8 13. Kh1 cxd4 14. exd4 Nxe5
15. fxe5 Ne4 16. Bxe7 Qxe7 17. Nf3 Bg6 18. Qh4 Qxh4 19. Nxh4 Bh5 20. Nf3 h6 21.
Kg1 Kf7 22. Bxe4 dxe4 23. Nd2 Ke7 24. Kf2 g5 25. Rfe1 Bg6 26. Rac1 Rfd8 27. g3
b5 28. a3 a5 29. Ke3 Rc7 30. Nb3 a4 31. Nc5 f4+ 32. gxf4 Rxc5 33. dxc5 Rd3+ 34.
Kf2 gxf4 35. Rcd1 e3+ 36. Kf1 f3 37. Rc1 Bf5 38. Rxe3 Rxe3 39. Kf2 Rxe5 40.
Kxf3 Rxc5 41. Rg1 Kf7 42. Rg2 Bd3 43. Ke3 Bc4 44. Rf2+ Rf5 45. Rd2 Kf6 46. Rg2
Re5+ 47. Kd2 Rg5 48. Rf2+ Ke5 49. Ke3 Bd5 50. Rf4 Rg2 51. Rh4 Rxb2 52. Rxh6 Rb3
53. Rh5+ Kf6 54. Kd4 Rxa3 55. h4 Ra1 56. Rh8 a3 57. h5 a2 58. h6 Rd1+ 59. Kc5
a1=Q 60. Rf8+ Kg6 0-1

[Event "Summer Prague Open 2021 - B"]
[Site "Olympik hotel, Sokolovska 138,"]
[Date "2021.08.08"]
[Round "4.5"]
[White "Marinc, Damir"]
[Black "Zimmer, Christian"]
[Result "1-0"]
[WhiteElo "1887"]
[BlackElo "1486"]
[PlyCount "57"]
[EventDate "2021.08.06"]

1. b3 d5 2. Bb2 Nc6 3. d4 Bf5 4. a3 Nf6 5. Nd2 e6 6. Ngf3 Bd6 7. e3 Qe7 8. c4
Qd7 9. c5 Be7 10. Bb5 a6 11. Ne5 Qc8 12. Bxc6+ bxc6 13. g4 Bg6 14. h4 h5 15.
Nxg6 fxg6 16. g5 Nd7 17. Qc2 Nf8 18. Nf3 Qb7 19. Ne5 Rb8 20. b4 a5 21. Bc3 axb4
22. axb4 Rg8 23. Ra5 Ra8 24. Rxa8+ Qxa8 25. O-O Kd8 26. Ra1 Qb7 27. Qa4 Kc8 28.
Qa8+ Qb8 29. Qxc6 1-0

[Event "Summer Prague Open 2021 - B"]
[Site "Olympik hotel, Sokolovska 138,"]
[Date "2021.08.08"]
[Round "4.6"]
[White "Froeyman, Hugo"]
[Black "Jaeger, Andre"]
[Result "0-1"]
[WhiteElo "1614"]
[BlackElo "1883"]
[PlyCount "92"]
[EventDate "2021.08.06"]

1. e4 c5 2. Nc3 Nc6 3. g3 g6 4. Bg2 Bg7 5. Nge2 d6 6. O-O e6 7. d3 Nge7 8. Be3
Nd4 9. f4 Nec6 10. a3 O-O 11. Qd2 Rb8 12. g4 b5 13. Ng3 f5 14. g5 Bd7 15. h4 b4
16. Nd1 b3 17. c3 Nc2 18. Rb1 Nxe3 19. Nxe3 h5 20. exf5 exf5 21. Qd1 Ne7 22.
Nd5 Be6 23. Nxe7+ Qxe7 24. Re1 Qf7 25. c4 Bd4+ 26. Kh2 Kh8 27. Qf3 Rbd8 28. Ne2
Bg7 29. Nc3 Rfe8 30. Qb7 Qxb7 31. Bxb7 Bd7 32. Kg2 Rxe1 33. Rxe1 Re8 34. Rxe8+
Bxe8 35. Nd1 Bd4 36. Bd5 Kg7 37. Kf3 Kf8 38. Ke2 Ke7 39. Kd2 a5 40. Ke2 Kd8 41.
Kd2 Ke7 42. Nc3 Bf2 43. Nd1 Bxh4 44. Ke2 Bg3 45. Kf3 h4 46. Ke2 Bxf4 0-1

[Event "Summer Prague Open 2021 - B"]
[Site "Olympik hotel, Sokolovska 138,"]
[Date "2021.08.08"]
[Round "4.7"]
[White "Lazniewska, Zofia"]
[Black "Svanda, Adam"]
[Result "0-1"]
[WhiteElo "1562"]
[BlackElo "1858"]
[PlyCount "74"]
[EventDate "2021.08.06"]

1. e4 d5 2. exd5 Qxd5 3. Nc3 Qd6 4. d4 Nf6 5. Nf3 a6 6. Bd3 Nc6 7. O-O Bg4 8.
Ne4 Nxe4 9. Bxe4 O-O-O 10. c3 e6 11. Qc2 Bxf3 12. Bxf3 Be7 13. a4 a5 14. b3 Qd7
15. Be3 h5 16. Rfb1 g5 17. g3 f5 18. Qe2 e5 19. d5 Nb8 20. c4 e4 21. Bg2 h4 22.
Rd1 hxg3 23. hxg3 Na6 24. Qd2 Bb4 25. Qc1 Nc5 26. Bxc5 Bxc5 27. Qxg5 Rdg8 28.
Qf4 Rg4 29. Qe5 Re8 30. Qc3 Qd6 31. Kf1 e3 32. Bf3 Rxg3 33. fxg3 Qxg3 34. Ra2
Qxf3+ 35. Ke1 Bb4 36. Rc2 Bxc3+ 37. Rxc3 Qf2# 0-1

[Event "Summer Prague Open 2021 - B"]
[Site "Olympik hotel, Sokolovska 138,"]
[Date "2021.08.08"]
[Round "4.9"]
[White "Bednar, Jiri"]
[Black "Pechanek, Krystof"]
[Result "1/2-1/2"]
[WhiteElo "1881"]
[BlackElo "1436"]
[Annotator "Stanice"]
[PlyCount "73"]
[EventDate "2021.08.06"]

1. e4 c5 2. Nf3 Nc6 3. d4 cxd4 4. Nxd4 Nf6 5. Nc3 d6 6. Be2 g6 7. Be3 Bg7 8. h4
h5 9. f3 Bd7 10. Qd2 Ne5 11. Nd5 Nxd5 12. exd5 Rc8 13. b3 Qc7 14. Rc1 a6 15. c4
b5 16. cxb5 Qxc1+ 17. Qxc1 Rxc1+ 18. Bxc1 axb5 19. Nxb5 O-O 20. Be3 Rc8 21. Kd2
Bf5 22. Rc1 Rxc1 23. Kxc1 Nd3+ 24. Kd2 Nb4 25. Nd4 Bxd4 26. Bxd4 Nxa2 27. Bc4
e6 28. Bb2 Nb4 29. dxe6 Bxe6 30. Ba3 d5 $11 31. Bb5 Na2 32. Kc2 d4 33. Kb2 Nc3
34. Bd3 Nd1+ 35. Ka2 Nc3+ 36. Kb2 Nd1+ 37. Ka2 1/2-1/2

[Event "Summer Prague Open 2021 - A"]
[Site "?"]
[Date "2021.08.09"]
[Round "5.1"]
[White "Brozka, Karel"]
[Black "Stalmach, Richard"]
[Result "0-1"]
[BlackElo "2305"]
[WhiteElo "2054"]
[LiveChessVersion "1.4.8"]

1. d4 {[%clk 1:30:54]} Nf6 {[%clk 1:30:47]} 2. c4 {[%clk 1:31:01]} g6
{[%clk 1:31:06]} 3. Nc3 {[%clk 1:31:00]} Bg7 {[%clk 1:31:23]} 4. e4
{[%clk 1:30:58]} d6 {[%clk 1:31:48]} 5. Nf3 {[%clk 1:31:11]} O-O {[%clk 1:32:05]}
6. Be2 {[%clk 1:31:31]} e5 {[%clk 1:32:30]} 7. O-O {[%clk 1:31:35]} Nbd7
{[%clk 1:28:22]} 8. dxe5 {[%clk 1:20:34]} dxe5 {[%clk 1:28:34]} 9. h3
{[%clk 1:20:21]} c6 {[%clk 1:28:37]} 10. Be3 {[%clk 1:20:20]} Qe7
{[%clk 1:27:26]} 11. Qc2 {[%clk 1:18:18]} Nh5 {[%clk 1:20:34]} 12. Rfd1
{[%clk 1:10:44]} Nf4 {[%clk 1:19:00]} 13. Bf1 {[%clk 1:10:39]} Ne6
{[%clk 1:15:34]} 14. Qd2 {[%clk 0:52:48]} f5 {[%clk 1:05:55]} 15. exf5
{[%clk 0:39:48]} gxf5 {[%clk 1:05:55]} 16. Bh6 {[%clk 0:40:01]} e4
{[%clk 1:01:39]} 17. Bxg7 {[%clk 0:36:08]} Qxg7 {[%clk 1:01:54]} 18. Qd6
{[%clk 0:34:23]} Nf6 {[%clk 0:57:45]} 19. Nd4 {[%clk 0:31:57]} Ng5
{[%clk 0:57:18]} 20. Kh1 {[%clk 0:30:25]} f4 {[%clk 0:44:21]} 21. h4
{[%clk 0:22:33]} Ng4 {[%clk 0:39:09]} 22. Rd2 {[%clk 0:17:26]} e3
{[%clk 0:30:06]} 23. hxg5 {[%clk 0:17:06]} Qxg5 {[%clk 0:29:31]} 24. Nf3
{[%clk 0:16:31]} Qh5+ {[%clk 0:29:33]} 25. Kg1 {[%clk 0:16:51]} exd2
{[%clk 0:29:27]} 26. Ne2 {[%clk 0:14:10]} Rf6 {[%clk 0:24:43]} 27. Qd8+
{[%clk 0:13:40]} Kg7 {[%clk 0:23:21]} 28. Qd4 {[%clk 0:12:05]} c5
{[%clk 0:22:57]} 29. Qe4 {[%clk 0:09:36]} Bd7 {[%clk 0:21:30]} 30. Nxf4
{[%clk 0:07:32]} Qh6 {[%clk 0:21:55]} 31. Qxb7 {[%clk 0:07:53]} Qxf4
{[%clk 0:21:08]} 32. Qxd7+ {[%clk 0:06:10]} Kh8 {[%clk 0:19:30]} 33. Rd1
{[%clk 0:01:50]} Rg8 {[%clk 0:19:49]} 34. Qxd2 {[%clk 0:01:38]} Qxf3
{[%clk 0:19:36]} 35. gxf3 {[%clk 0:00:52]} Ne3+ {[%clk 0:19:54]} 36. Kh2
{[%clk 0:00:34]} Rh6+ {[%clk 0:20:19]} 37. Bh3 {[%clk 0:01:01]} Rg2+
{[%clk 0:20:45]} 0-1

[Event "Summer Prague Open 2021 - A"]
[Site "?"]
[Date "2021.08.09"]
[Round "5.2"]
[White "Kulhanek, Tomas"]
[Black "Petr, Martin"]
[Result "0-1"]
[BlackElo "2503"]
[WhiteElo "2314"]
[LiveChessVersion "1.4.8"]

1. e4 {[%clk 1:27:36]} e6 {[%clk 1:30:49]} 2. d4 {[%clk 1:28:00]} d5
{[%clk 1:31:14]} 3. e5 {[%clk 1:28:05]} c5 {[%clk 1:31:37]} 4. c3
{[%clk 1:28:30]} Nc6 {[%clk 1:32:04]} 5. Nf3 {[%clk 1:28:55]} Bd7
{[%clk 1:32:28]} 6. Be2 {[%clk 1:28:37]} Nge7 {[%clk 1:32:21]} 7. O-O
{[%clk 1:27:12]} Ng6 {[%clk 1:30:39]} 8. g3 {[%clk 1:27:12]} cxd4
{[%clk 1:27:04]} 9. cxd4 {[%clk 1:27:29]} Be7 {[%clk 1:27:28]} 10. h4
{[%clk 1:27:26]} O-O {[%clk 1:27:53]} 11. h5 {[%clk 1:27:33]} Nh8
{[%clk 1:28:19]} 12. h6 {[%clk 1:27:11]} g6 {[%clk 1:28:43]} 13. Nc3
{[%clk 1:24:15]} f6 {[%clk 1:25:46]} 14. exf6 {[%clk 1:23:57]} Bxf6
{[%clk 1:26:10]} 15. Be3 {[%clk 1:24:06]} Nf7 {[%clk 1:25:27]} 16. Qd2
{[%clk 1:16:51]} Rc8 {[%clk 1:17:48]} 17. Rad1 {[%clk 1:07:15]} Na5
{[%clk 1:11:00]} 18. b3 {[%clk 1:05:37]} Be7 {[%clk 1:10:34]} 19. Nb1
{[%clk 1:05:11]} Nc6 {[%clk 1:05:27]} 20. a3 {[%clk 0:53:29]} a5 {[%clk 1:02:59]}
21. Qb2 {[%clk 0:50:02]} Nd6 {[%clk 0:59:00]} 22. g4 {[%clk 0:42:58]} Nf7
{[%clk 0:52:22]} 23. Kg2 {[%clk 0:40:16]} Bf6 {[%clk 0:47:21]} 24. Nc3
{[%clk 0:36:59]} Ne7 {[%clk 0:44:44]} 25. Qd2 {[%clk 0:31:39]} Bc6
{[%clk 0:40:44]} 26. g5 {[%clk 0:28:48]} Bh8 {[%clk 0:41:05]} 27. Nh4
{[%clk 0:29:00]} Nd6 {[%clk 0:35:15]} 28. f3 {[%clk 0:22:51]} e5 {[%clk 0:32:53]}
29. dxe5 {[%clk 0:06:09]} Bxe5 {[%clk 0:33:16]} 30. Bf2 {[%clk 0:03:45]} Bf4
{[%clk 0:27:09]} 31. Qd4 {[%clk 0:04:04]} Rf7 {[%clk 0:27:34]} 32. Be3
{[%clk 0:02:58]} Bxe3 {[%clk 0:25:41]} 33. Qxe3 {[%clk 0:03:25]} Nef5
{[%clk 0:25:55]} 34. Nxf5 {[%clk 0:03:49]} Nxf5 {[%clk 0:26:18]} 35. Qf4
{[%clk 0:02:11]} Qe7 {[%clk 0:21:08]} 36. Kh1 {[%clk 0:02:03]} Ne3
{[%clk 0:19:16]} 37. Qg3 {[%clk 0:02:30]} Nxf1 {[%clk 0:18:36]} 38. Bxf1
{[%clk 0:02:58]} d4 {[%clk 0:14:56]} 39. Re1 {[%clk 0:01:05]} Rxf3
{[%clk 0:11:54]} 0-1

[Event "Summer Prague Open 2021 - A"]
[Site "?"]
[Date "2021.08.09"]
[Round "5.3"]
[White "Finek, Vaclav"]
[Black "Svanda, Ondrej"]
[Result "1-0"]
[BlackElo "2312"]
[WhiteElo "2372"]
[LiveChessVersion "1.4.8"]

1. Nf3 {[%clk 1:30:59]} d5 {[%clk 1:28:56]} 2. d4 {[%clk 1:31:10]} Nf6
{[%clk 1:29:09]} 3. c4 {[%clk 1:31:35]} c6 {[%clk 1:29:36]} 4. e3
{[%clk 1:30:34]} e6 {[%clk 1:30:00]} 5. Qc2 {[%clk 1:30:31]} Nbd7
{[%clk 1:29:57]} 6. b3 {[%clk 1:29:29]} Ne4 {[%clk 1:29:15]} 7. Bd3
{[%clk 1:23:00]} f5 {[%clk 1:29:39]} 8. O-O {[%clk 1:23:04]} Bd6 {[%clk 1:29:53]}
9. Ba3 {[%clk 1:23:23]} Bxa3 {[%clk 1:30:13]} 10. Nxa3 {[%clk 1:23:49]} O-O
{[%clk 1:30:14]} 11. Nb1 {[%clk 1:13:29]} Qf6 {[%clk 1:28:55]} 12. Nc3
{[%clk 1:09:02]} g5 {[%clk 1:24:29]} 13. Nd2 {[%clk 1:05:02]} b6 {[%clk 1:11:39]}
14. b4 {[%clk 0:56:19]} Bb7 {[%clk 1:07:50]} 15. f3 {[%clk 0:53:58]} Nxd2
{[%clk 1:00:11]} 16. Qxd2 {[%clk 0:54:19]} e5 {[%clk 1:00:20]} 17. Ne2
{[%clk 0:46:12]} Qe7 {[%clk 0:44:18]} 18. cxd5 {[%clk 0:39:47]} cxd5
{[%clk 0:44:43]} 19. Rac1 {[%clk 0:40:07]} e4 {[%clk 0:39:00]} 20. fxe4
{[%clk 0:40:25]} fxe4 {[%clk 0:38:07]} 21. Bb5 {[%clk 0:37:00]} a6
{[%clk 0:31:10]} 22. Bxd7 {[%clk 0:33:07]} Qxd7 {[%clk 0:31:38]} 23. Ng3
{[%clk 0:32:20]} Rxf1+ {[%clk 0:30:33]} 24. Rxf1 {[%clk 0:32:42]} Rf8
{[%clk 0:30:59]} 25. Rxf8+ {[%clk 0:29:14]} Kxf8 {[%clk 0:28:40]} 26. Qe2
{[%clk 0:28:57]} Bc8 {[%clk 0:22:53]} 27. Qh5 {[%clk 0:25:51]} Qg7
{[%clk 0:23:20]} 28. h4 {[%clk 0:15:12]} h6 {[%clk 0:22:52]} 29. Ne2
{[%clk 0:14:04]} Qf6 {[%clk 0:15:42]} 30. hxg5 {[%clk 0:10:59]} Qxg5
{[%clk 0:15:23]} 31. Nf4 {[%clk 0:11:07]} Qxh5 {[%clk 0:15:41]} 32. Nxh5
{[%clk 0:11:30]} Be6 {[%clk 0:09:41]} 33. Nf4 {[%clk 0:11:28]} Bf7
{[%clk 0:10:04]} 34. Kf2 {[%clk 0:10:19]} Ke7 {[%clk 0:10:30]} 35. Kg3
{[%clk 0:09:41]} Kf6 {[%clk 0:10:56]} 36. Kg4 {[%clk 0:07:53]} Bg8
{[%clk 0:11:20]} 37. Nh5+ {[%clk 0:04:53]} Kg6 {[%clk 0:10:33]} 38. Nf4+
{[%clk 0:02:41]} Kf6 {[%clk 0:11:01]} 39. Ne2 {[%clk 0:01:34]} Bf7
{[%clk 0:07:15]} 40. Nc3 {[%clk 0:01:05]} h5+ {[%clk 0:07:40]} 41. Kh4
{[%clk 0:27:31]} b5 {[%clk 0:37:57]} 42. Ne2 {[%clk 0:26:52]} Kg6
{[%clk 0:38:19]} 43. Nf4+ {[%clk 0:27:04]} Kh6 {[%clk 0:38:48]} 44. a3
{[%clk 0:26:58]} 1-0

[Event "Summer Prague Open 2021 - A"]
[Site "?"]
[Date "2021.08.09"]
[Round "5.4"]
[White "Kusa, Jakub"]
[Black "Plischki, Sebastian"]
[Result "1/2-1/2"]
[BlackElo "2356"]
[WhiteElo "2280"]
[LiveChessVersion "1.4.8"]

1. e4 {[%clk 1:30:55]} c5 {[%clk 1:30:50]} 2. Nf3 {[%clk 1:31:16]} d6
{[%clk 1:31:10]} 3. Bb5+ {[%clk 1:31:31]} Bd7 {[%clk 1:31:30]} 4. Bxd7+
{[%clk 1:31:49]} Qxd7 {[%clk 1:31:51]} 5. c4 {[%clk 1:31:51]} Nf6
{[%clk 1:31:45]} 6. Nc3 {[%clk 1:31:58]} Nc6 {[%clk 1:31:55]} 7. d4
{[%clk 1:31:44]} cxd4 {[%clk 1:32:16]} 8. Nxd4 {[%clk 1:32:00]} g6
{[%clk 1:32:22]} 9. f3 {[%clk 1:31:18]} Nxd4 {[%clk 1:31:47]} 10. Qxd4
{[%clk 1:31:04]} Bg7 {[%clk 1:32:11]} 11. Be3 {[%clk 1:28:08]} O-O
{[%clk 1:32:28]} 12. Qd3 {[%clk 1:27:48]} a6 {[%clk 1:30:41]} 13. O-O
{[%clk 1:25:52]} Rfc8 {[%clk 1:29:19]} 14. Rac1 {[%clk 1:23:36]} b5
{[%clk 1:15:10]} 15. cxb5 {[%clk 1:10:32]} axb5 {[%clk 1:15:22]} 16. a3
{[%clk 1:10:30]} Rab8 {[%clk 1:08:48]} 17. Na2 {[%clk 1:04:28]} Qb7
{[%clk 1:02:00]} 18. Rxc8+ {[%clk 0:51:42]} Rxc8 {[%clk 1:02:20]} 19. Rc1
{[%clk 0:51:28]} Rxc1+ {[%clk 0:59:30]} 20. Nxc1 {[%clk 0:51:31]} Nd7
{[%clk 0:57:01]} 21. b3 {[%clk 0:49:43]} h5 {[%clk 0:52:13]} 22. a4
{[%clk 0:45:39]} bxa4 {[%clk 0:52:18]} 23. bxa4 {[%clk 0:45:55]} Qb4
{[%clk 0:50:53]} 24. Qd1 {[%clk 0:43:25]} Ne5 {[%clk 0:48:15]} 25. Kf2
{[%clk 0:40:08]} Qb2+ {[%clk 0:39:22]} 26. Qe2 {[%clk 0:35:04]} Qc3
{[%clk 0:38:08]} 27. Qd2 {[%clk 0:31:41]} Qa3 {[%clk 0:26:22]} 28. Qa2
{[%clk 0:29:00]} Qc3 {[%clk 0:26:27]} 29. Qd2 {[%clk 0:24:07]} Qa3
{[%clk 0:26:43]} 30. Qa2 {[%clk 0:21:00]} Qc3 {[%clk 0:27:06]} 31. Qd2
{[%clk 0:20:22]} 1/2-1/2

[Event "Summer Prague Open 2021 - A"]
[Site "?"]
[Date "2021.08.09"]
[Round "5.5"]
[White "Hrabusa, Matej"]
[Black "Nemec, Pavel"]
[Result "1-0"]
[BlackElo "2213"]
[WhiteElo "2350"]
[LiveChessVersion "1.4.8"]

1. d4 {[%clk 1:30:54]} Nf6 {[%clk 1:30:54]} 2. Nf3 {[%clk 1:31:19]} d5
{[%clk 1:30:57]} 3. Bg5 {[%clk 1:31:41]} Nbd7 {[%clk 1:30:05]} 4. e3
{[%clk 1:31:20]} c5 {[%clk 1:28:12]} 5. c3 {[%clk 1:31:17]} Qb6 {[%clk 1:28:07]}
6. Qb3 {[%clk 1:29:48]} e6 {[%clk 1:26:16]} 7. Nbd2 {[%clk 1:28:59]} Bd6
{[%clk 1:24:20]} 8. Be2 {[%clk 1:26:19]} O-O {[%clk 1:22:47]} 9. O-O
{[%clk 1:26:28]} Qc7 {[%clk 1:14:03]} 10. c4 {[%clk 1:20:32]} Ne4
{[%clk 1:04:45]} 11. cxd5 {[%clk 1:12:48]} Nxg5 {[%clk 0:51:16]} 12. Nxg5
{[%clk 1:13:08]} Bxh2+ {[%clk 0:51:38]} 13. Kh1 {[%clk 1:13:33]} exd5
{[%clk 0:50:40]} 14. g3 {[%clk 1:06:00]} Bxg3 {[%clk 0:50:02]} 15. fxg3
{[%clk 1:06:21]} Qxg3 {[%clk 0:50:25]} 16. Qxd5 {[%clk 1:02:34]} Nf6
{[%clk 0:50:14]} 17. Qg2 {[%clk 1:00:24]} Qxe3 {[%clk 0:47:05]} 18. Rxf6
{[%clk 0:54:42]} Qxd2 {[%clk 0:43:34]} 19. Rg1 {[%clk 0:46:58]} Qxd4
{[%clk 0:38:36]} 20. Qh2 {[%clk 0:45:19]} Bf5 {[%clk 0:28:57]} 21. Rxf5
{[%clk 0:44:21]} h6 {[%clk 0:29:21]} 22. Nf3 {[%clk 0:40:26]} Qxb2
{[%clk 0:26:35]} 23. Qxh6 {[%clk 0:38:29]} Rfc8 {[%clk 0:22:41]} 24. Ne5
{[%clk 0:37:28]} 1-0

[Event "Summer Prague Open 2021 - A"]
[Site "?"]
[Date "2021.08.09"]
[Round "5.7"]
[White "Jurcik, Marian"]
[Black "Glavan, Slavenko"]
[Result "1-0"]
[BlackElo "2182"]
[WhiteElo "2419"]
[LiveChessVersion "1.4.8"]

1. e4 {[%clk 1:30:17]} Nf6 {[%clk 1:30:29]} 2. e5 {[%clk 1:30:18]} Nd5
{[%clk 1:30:57]} 3. d4 {[%clk 1:30:12]} d6 {[%clk 1:31:24]} 4. Nf3
{[%clk 1:30:35]} Bg4 {[%clk 1:31:46]} 5. Be2 {[%clk 1:30:59]} e6 {[%clk 1:32:03]}
6. O-O {[%clk 1:30:25]} Be7 {[%clk 1:32:27]} 7. h3 {[%clk 1:30:40]} Bh5
{[%clk 1:32:51]} 8. c4 {[%clk 1:30:46]} Nb6 {[%clk 1:33:18]} 9. Be3
{[%clk 1:30:24]} O-O {[%clk 1:33:38]} 10. Nc3 {[%clk 1:30:31]} N8d7
{[%clk 1:33:46]} 11. exd6 {[%clk 1:29:49]} cxd6 {[%clk 1:34:12]} 12. b3
{[%clk 1:29:30]} Nf6 {[%clk 1:33:43]} 13. Rc1 {[%clk 1:28:41]} Re8
{[%clk 1:31:11]} 14. g4 {[%clk 1:24:59]} Bg6 {[%clk 1:31:39]} 15. Nh4
{[%clk 1:25:16]} Nfd7 {[%clk 1:24:47]} 16. Nxg6 {[%clk 1:25:30]} hxg6
{[%clk 1:25:14]} 17. Qd2 {[%clk 1:19:18]} Nf6 {[%clk 1:25:03]} 18. g5
{[%clk 1:16:04]} Nh7 {[%clk 1:25:24]} 19. h4 {[%clk 1:15:04]} Nd7
{[%clk 1:18:56]} 20. f4 {[%clk 1:11:21]} a6 {[%clk 1:17:31]} 21. Kg2
{[%clk 1:08:54]} e5 {[%clk 1:13:15]} 22. Bf3 {[%clk 1:06:57]} Qc8
{[%clk 1:04:01]} 23. Qf2 {[%clk 0:39:52]} exd4 {[%clk 0:58:21]} 24. Bxd4
{[%clk 0:40:14]} Nc5 {[%clk 0:58:34]} 25. Bxc5 {[%clk 0:39:45]} dxc5
{[%clk 0:57:08]} 26. Nd5 {[%clk 0:37:37]} Bd6 {[%clk 0:50:03]} 27. Nb6
{[%clk 0:28:08]} Qf5 {[%clk 0:50:02]} 28. Nxa8 {[%clk 0:28:17]} Qxf4
{[%clk 0:48:09]} 29. Rfe1 {[%clk 0:21:30]} Rxa8 {[%clk 0:47:09]} 30. Rcd1
{[%clk 0:19:22]} Rd8 {[%clk 0:30:59]} 31. Re4 {[%clk 0:17:47]} Qf5
{[%clk 0:28:08]} 32. Qe2 {[%clk 0:14:20]} Qd7 {[%clk 0:26:30]} 33. Re3
{[%clk 0:08:57]} Nf8 {[%clk 0:19:56]} 34. Bd5 {[%clk 0:09:10]} Qf5
{[%clk 0:12:56]} 35. Rf1 {[%clk 0:06:54]} Bf4 {[%clk 0:11:49]} 36. Re4
{[%clk 0:07:11]} Rxd5 {[%clk 0:06:44]} 37. Rfxf4 {[%clk 0:06:34]} Qd7
{[%clk 0:06:52]} 38. cxd5 {[%clk 0:06:56]} Qxd5 {[%clk 0:07:21]} 39. Qc4
{[%clk 0:07:05]} 1-0

[Event "Summer Prague Open 2021 - A"]
[Site "?"]
[Date "2021.08.09"]
[Round "5.8"]
[White "Frank, Adam"]
[Black "Neuman, Petr"]
[Result "1-0"]
[BlackElo "2402"]
[WhiteElo "2210"]
[LiveChessVersion "1.4.8"]

1. e4 {[%clk 1:30:58]} c6 {[%clk 1:18:11]} 2. d4 {[%clk 1:30:48]} d5
{[%clk 1:18:36]} 3. Nc3 {[%clk 1:31:10]} g6 {[%clk 1:18:45]} 4. h3
{[%clk 1:31:25]} Bg7 {[%clk 1:19:08]} 5. Nf3 {[%clk 1:31:32]} dxe4
{[%clk 1:19:26]} 6. Nxe4 {[%clk 1:31:57]} Nf6 {[%clk 1:19:51]} 7. Bd3
{[%clk 1:27:12]} Nxe4 {[%clk 1:15:13]} 8. Bxe4 {[%clk 1:27:38]} Nd7
{[%clk 1:08:23]} 9. O-O {[%clk 1:27:43]} Nf6 {[%clk 1:08:48]} 10. Bd3
{[%clk 1:28:07]} b6 {[%clk 1:08:58]} 11. Re1 {[%clk 1:27:57]} O-O
{[%clk 1:09:20]} 12. Qe2 {[%clk 1:28:13]} e6 {[%clk 1:09:31]} 13. Bg5
{[%clk 1:28:31]} Qc7 {[%clk 1:09:31]} 14. Rad1 {[%clk 1:28:38]} Nd5
{[%clk 1:06:23]} 15. Qd2 {[%clk 1:24:09]} Bb7 {[%clk 1:00:26]} 16. c4
{[%clk 1:16:08]} Ne7 {[%clk 0:59:54]} 17. Bf4 {[%clk 1:15:19]} Qd7
{[%clk 0:59:50]} 18. c5 {[%clk 1:06:17]} Rfd8 {[%clk 0:58:09]} 19. Bd6
{[%clk 0:55:52]} Nc8 {[%clk 0:57:36]} 20. Be5 {[%clk 0:56:07]} Qe7
{[%clk 0:56:40]} 21. Qe3 {[%clk 0:48:51]} a5 {[%clk 0:48:32]} 22. Be4
{[%clk 0:43:42]} f6 {[%clk 0:36:31]} 23. Bg3 {[%clk 0:43:05]} Re8
{[%clk 0:36:21]} 24. a4 {[%clk 0:31:23]} bxc5 {[%clk 0:34:53]} 25. dxc5
{[%clk 0:31:50]} e5 {[%clk 0:35:09]} 26. Rd2 {[%clk 0:32:04]} Qe6
{[%clk 0:33:29]} 27. Bc2 {[%clk 0:20:38]} Ne7 {[%clk 0:32:27]} 28. Rd6
{[%clk 0:20:48]} Qf7 {[%clk 0:28:49]} 29. Rd7 {[%clk 0:19:59]} Bc8
{[%clk 0:29:04]} 30. Bb3 {[%clk 0:18:58]} Bxd7 {[%clk 0:29:29]} 31. Bxf7+
{[%clk 0:19:25]} Kxf7 {[%clk 0:29:56]} 32. Nd2 {[%clk 0:16:34]} Be6
{[%clk 0:27:56]} 33. Ne4 {[%clk 0:16:15]} Kg8 {[%clk 0:28:15]} 34. Nd6
{[%clk 0:16:17]} Reb8 {[%clk 0:28:15]} 35. f4 {[%clk 0:14:02]} Rxb2
{[%clk 0:19:22]} 36. fxe5 {[%clk 0:14:26]} f5 {[%clk 0:19:46]} 37. Qg5
{[%clk 0:13:53]} Ra7 {[%clk 0:16:03]} 38. Ne8 {[%clk 0:11:13]} h6
{[%clk 0:15:23]} 39. Qc1 {[%clk 0:11:28]} Rab7 {[%clk 0:15:19]} 40. Nxg7
{[%clk 0:11:46]} Kxg7 {[%clk 0:15:43]} 41. Bf4 {[%clk 0:10:36]} Bd5
{[%clk 0:07:17]} 42. Bxh6+ {[%clk 0:09:34]} Kg8 {[%clk 0:05:21]} 43. Bd2
{[%clk 0:04:41]} R7b3 {[%clk 0:28:16]} 44. Kh2 {[%clk 0:33:29]} Ra2
{[%clk 0:28:19]} 45. Re2 {[%clk 0:31:55]} f4 {[%clk 0:24:15]} 46. Rf2
{[%clk 0:31:20]} g5 {[%clk 0:13:02]} 47. Be1 {[%clk 0:25:18]} Re3
{[%clk 0:07:40]} 48. Rxa2 {[%clk 0:22:17]} Bxa2 {[%clk 0:08:08]} 49. Qb2
{[%clk 0:22:21]} Bd5 {[%clk 0:08:12]} 50. Bf2 {[%clk 0:22:41]} Re4
{[%clk 0:08:32]} 51. Qb8+ {[%clk 0:22:24]} Kf7 {[%clk 0:07:47]} 52. Qh8
{[%clk 0:22:23]} Ke6 {[%clk 0:06:22]} 53. Qf6+ {[%clk 0:22:34]} Kd7
{[%clk 0:06:44]} 54. Qxg5 {[%clk 0:22:36]} 1-0